[Event "Istanbul Open 2018"]
[Site "Istanbul"]
[Date "2018.09.02"]
[Round "1"]
[White "Bagaturov, Giorgi"]
[Black "Aydin, Hasan Bora"]
[Result "1-0"]
[WhiteElo "2396"]
[BlackElo "1950"]
[Annotator "TA"]
[PlyCount "51"]
[EventDate "2018.09.02"]
[EventType "swiss"]
[EventCountry "TUR"]
[SourceTitle "playchess.com"]
[Source "ChessBase"]
[SourceQuality "1"]

{[%evp 13,51,70,79,35,41,39,44,25,75,75,76,-34,-27,-26,18,-57,-64,-61,14,0,0,0,0,0,0,0,11,-26,0,12,21,18,105,90,100,25,28,29,116,107]} 1. d4 Nf6 2. Nf3 c5 3. d5 e6 4. c4 exd5 5. cxd5 Bd6 6. Nc3 O-O 7. e4 {A60: Benoni (Moderne Benoni-Verteidigung)} (7. Bg5 h6 8. Bh4 Bc7 9. e3 d6 10. Be2 Nbd7 11. O-O Re8 12. Nd2 a6 13. a4 Nf8 14. h3 Ng6 15. Bg3 {½-½ (41) Wojtaszek,R (2744)-Ivanchuk,V (2704) Beijing 2014}) 7... Re8 {LiveBook: 24 Partien} 8. Be2 Nxe4 9. Nxe4 {Weiß steht etwas besser.} Rxe4 10. O-O h6 $146 ({Vorgänger:} 10... Re8 11. Qc2 Be7 12. d6 Bxd6 13. Ng5 g6 14. Bc4 Re6 {1-0 (23) Hiel,L (1816)-Werner,I (2113) Charleroi 2008}) 11. Bd3 {[%mdl 1024] Weiss hat starke Kompensation.} Re8 12. Bc2 ({Lieber} 12. Bd2 $16) 12... Bf8 $1 $15 13. b4 c4 14. Qd4 (14. Bb2 $11) 14... b5 15. a4 Qb6 (15... Na6 $1 $15 16. Bd2 Nxb4 17. Bxb4 Bxb4 18. axb5 Bb7) 16. axb5 $40 {[%mdl 128] Schwarz muss sich nun genau verteidigen.} Qxd4 17. Nxd4 Bb7 18. Nf5 a6 $1 {[%cal Ra6b5]} 19. b6 Bxd5 20. Bf4 Bxb4 21. Ne3 Bc6 22. Nxc4 Bb5 (22... a5 $11) 23. Rfb1 $16 {[#] Und b7 würde nun gewinnen.} Nc6 24. Nd6 (24. Bf5 $16) 24... Bxd6 $1 $11 25. Bxd6 Rab8 (25... Nd4 $11) 26. Re1 {Precision: Weiß = 55%, Schwarz = 43%.} 1-0

[Event "Istanbul Open 2018"]
[Site "Istanbul"]
[Date "2018.09.02"]
[Round "1"]
[White "Darban, Morteza"]
[Black "Oztekin, Kerem Can"]
[Result "1-0"]
[WhiteElo "2333"]
[BlackElo "1943"]
[Annotator "NA"]
[PlyCount "97"]
[EventDate "2018.09.02"]
[EventType "swiss"]
[EventCountry "TUR"]
[SourceTitle "playchess.com"]
[Source "ChessBase"]
[SourceQuality "1"]
[TimeControl "5400+30"]

{[%evp 9,94,-39,-18,-13,10,25,8,20,30,25,32767,30,32767,31,42,32767,38,42,50,38,36,23,24,23,31,31,32767,32767,32767,39,68,70,52,63,32767,71,32767,106,126,104,32767,32767,32767,89,32767,166,32767,32767,32767,32767,32767,32767,32767,142,203,32767,32767,32767,32767,32767,32767,32767,210,32767,32767,32767,32767,32767,32767,32767,32767,32767,32767,32767,178,-87,245,247,269,245,32767,32767,32767,32767,32767,32767,469]} 1. g3 {[%emt 0:00:30]} e5 {[%emt 0:01:30]} 2. Bg2 {[%emt 0:00:00]} Nf6 {[%emt 0:07:30]} 3. d3 {[%emt 0:10:00]} Nc6 {[%emt 0:05:30]} 4. c3 {[%emt 0:06:30] A00: Unregelmäßige Eröffnungen} (4. Nf3 d5 5. O-O Be7 6. Nc3 d4 7. Nb1 O-O 8. c3 Re8 9. a3 a5 10. a4 Nd5 11. Qc2 Bf6 12. e4 dxe3 13. fxe3 e4 14. dxe4 {½-½ (22) Movsesian,S (2747)-Wang,H (2696) Dagomys 2009}) 4... a5 {[%emt 0:01:30]} 5. Nf3 {[%emt 0:06:30]} d5 {[%emt 0:03:30]} 6. O-O {[%emt 0:00:30]} Bc5 {[%emt 0:03:30] LiveBook: 4 Games} 7. d4 {[%emt 0:01:30]} exd4 {[%emt 0:00:30]} 8. cxd4 {[%emt 0:00:30]} Be7 {[%emt 0:02:30]} 9. Nc3 {[%emt 0:02:30]} O-O {[%emt 0:12:30]} 10. Ne5 {[%emt 0:02:30]} Na7 $146 {[%emt 0:02:30]} ({Vorgänger:} 10... Nb4 11. a3 Na6 12. Qb3 c6 13. Rd1 Nc7 14. e4 dxe4 15. Nxe4 {0-1 (38) Dixon,C-May,F (2241) Gwbert on Sea 2001}) 11. Bg5 {[%emt 0:04:30]} c6 {[%emt 0:00:30]} 12. e3 {[%emt 0:01:30]} Nd7 {[%emt 0:08:30]} 13. Bxe7 {[%emt 0:00:30]} Qxe7 {[%emt 0:00:30]} 14. Nd3 {[%emt 0:01:30]} Nf6 {[%emt 0:01:30]} 15. Qb3 {[%emt 0:07:30]} Bf5 {[%emt 0:01:30]} 16. Nc5 {[%emt 0:09:30]} Rfb8 {[%emt 0:04:30]} 17. Rfe1 {[%emt 0:04:30]} b6 {[%emt 0:10:30]} 18. N5a4 {[%emt 0:00:30]} b5 {[%emt 0:00:00]} 19. Nc5 {[%emt 0:00:30]} b4 {[%emt 0:04:00]} 20. N3a4 {[%emt 0:08:30]} Nb5 {[%emt 0:05:30]} 21. Rac1 {[%emt 0:07:30]} Re8 {[%emt 0:04:07]} 22. Nd3 {[%emt 0:02:30]} Qd6 {[%emt 0:00:55]} 23. Ne5 {[%emt 0:01:30]} Ra6 {[%emt 0:00:45]} 24. Bf1 {[%emt 0:04:21]} Ng4 {[%emt 0:10:06]} 25. Nxg4 {[%emt 0:04:10]} Bxg4 {[%emt 0:00:40]} 26. Qc2 {[%emt 0:03:24]} Bf3 {[%emt 0:04:07]} 27. Nc5 {[%emt 0:01:39]} Ra7 {[%emt 0:03:11]} 28. Qf5 {[%emt 0:00:09]} Qf6 {[%emt 0:00:46]} 29. Qxf6 {[%emt 0:00:38]} gxf6 {[%emt 0:00:01]} 30. Bh3 {[%emt 0:02:36]} Ree7 {[%emt 0:01:14]} 31. Nd3 {[%emt 0:02:12]} Rac7 {[%emt 0:00:36]} (31... Rec7 $16 {war einen Versuch wert.} 32. Rc5 Be4) 32. Rc5 {[%emt 0:01:16]} Ra7 {[%emt 0:01:22]} 33. Rcc1 {[%emt 0:00:30]} Rac7 {[%emt 0:00:31]} 34. Rc5 {[%emt 0:00:30]} Be4 {[%emt 0:00:00]} 35. Nf4 {[%emt 0:00:26]} Nd6 {[%emt 0:00:30]} 36. Nh5 {[%emt 0:01:58]} f5 {[%emt 0:00:18]} 37. Rec1 {[%emt 0:01:34]} Nc4 {[%emt 0:00:46]} 38. Nf6+ {[%emt 0:00:35]} Kg7 {[%emt 0:00:09]} 39. Nxe4 {[%emt 0:00:05]} fxe4 {[%emt 0:00:40]} 40. b3 {[%emt 0:01:20]} Nd2 {[%emt 0:00:37]} 41. Bg4 {[%emt 0:00:50]} a4 {[%emt 0:00:24]} 42. bxa4 $2 {[%emt 0:00:19] [#]} (42. Rd1 $18 Nf3+ 43. Kg2) 42... Ra7 $2 {[%emt 0:00:16]} (42... b3 $1 $17 {[%cal Rb3b2] und es läuft.} 43. axb3 Nxb3) 43. Bd1 {[%emt 0:00:55]} ({Don't play} 43. Rxc6 $6 Rxa4 44. R1c2 Nb1 $16) 43... Reb7 {[%emt 0:00:53]} 44. Bb3 {[%emt 0:00:29]} Nf3+ {[%emt 0:00:30]} 45. Kg2 {[%emt 0:00:08]} h5 {[%emt 0:00:31]} 46. h4 {[%emt 0:00:10]} Rb6 {[%emt 0:00:26]} 47. Rxc6 {[%emt 0:00:27]} Rxc6 $18 {[%emt 0:00:35]} 48. Rxc6 {[%emt 0:00:03]} Rd7 {[%emt 0:00:17]} 49. Rc5 {[%emt 0:01:38]} 1-0

[Event "Istanbul Open 2018"]
[Site "Istanbul"]
[Date "2018.09.02"]
[Round "1"]
[White "Mohannad, Farhan"]
[Black "Aydin, Kaan Ayhan"]
[Result "1-0"]
[WhiteElo "2201"]
[BlackElo "1877"]
[Annotator "NA"]
[PlyCount "173"]
[EventDate "2018.09.02"]
[EventType "swiss"]
[EventCountry "TUR"]
[SourceTitle "playchess.com"]
[Source "ChessBase"]
[SourceQuality "1"]
[TimeControl "5400+30"]

1. d4 {[%emt 0:00:30]} Nf6 {[%emt 0:00:30]} 2. c4 {[%emt 0:00:00]} e6 {[%emt 0:00:00]} 3. Nf3 {[%emt 0:00:00]} b6 {[%emt 0:00:00]} 4. g3 {[%emt 0:00:00]} Ba6 {[%emt 0:00:00]} 5. Qa4 {[%emt 0:00:00]} c5 {[%emt 0:01:00]} 6. Bg2 {[%emt 0:00:00]} Bb7 {[%emt 0:00:30]} 7. dxc5 {[%emt 0:00:00]} Bxc5 {[%emt 0:00:30]} 8. O-O {[%emt 0:00:30]} O-O {[%emt 0:00:00]} 9. Nc3 {[%emt 0:00:00]} Be7 {[%emt 0:00:00]} 10. Rd1 {[%emt 0:02:00]} Na6 {[%emt 0:01:30] E15: Damenindisch (Hauptfortsetzung, Abweichungen)} 11. Bf4 {[%emt 0:01:30]} Qc8 {[%emt 0:01:30]} 12. Rac1 {[%emt 0:01:30]} Nc5 {[%emt 0:01:30]} 13. Qc2 {[%emt 0:00:30] LiveBook: 97 Games} d5 {[%emt 0:02:30]} (13... Nce4 $11) 14. Nb5 {[%emt 0:06:30]} Ne8 $146 {[%emt 0:07:30]} ({Vorgänger:} 14... dxc4 15. Bd6 Be4 16. Qxc4 Bd5 17. Qf4 Bxd6 18. Nxd6 {½-½ (77) Huebner,R (2605)-Urday Caceres,H (2470) Moscow 1994}) 15. cxd5 {[%emt 0:01:30]} Bxd5 {[%emt 0:03:30]} 16. b4 {[%emt 0:01:30]} Qa6 {[%emt 0:00:30]} 17. bxc5 {[%emt 0:15:30]} Qxb5 {[%emt 0:00:30]} 18. e4 {[%emt 0:00:30]} Bb7 {[%emt 0:06:30]} 19. c6 {[%emt 0:00:00]} Ba6 {[%emt 0:01:30]} 20. Nd4 {[%emt 0:13:00]} Qa5 {[%emt 0:02:30]} 21. Nb3 {[%emt 0:01:30]} (21. c7 $18) 21... Qh5 {[%emt 0:02:30]} 22. e5 {[%emt 0:04:30]} Ba3 {[%emt 0:02:30]} 23. Rb1 {[%emt 0:01:30]} Nc7 {[%emt 0:01:30]} 24. Nd4 {[%emt 0:01:30]} Bc5 {[%emt 0:09:30] [#]} 25. Bf3 $1 {[%emt 0:01:30]} Qh3 {[%emt 0:01:30] [#]} 26. Nb3 $1 {[%emt 0:00:00]} Nd5 $2 {[%emt 0:01:30]} (26... Ba3 {was worth a try.} 27. Nd2 Be7) 27. Nxc5 {[%emt 0:03:00]} bxc5 {[%emt 0:00:30]} 28. Bg2 {[%emt 0:09:30]} Qh5 {[%emt 0:00:30]} 29. Qxc5 {[%emt 0:00:30]} Be2 {[%emt 0:03:30]} 30. Rdc1 {[%emt 0:01:30]} Bf3 {[%emt 0:04:30]} 31. Bxf3 {[%emt 0:10:30]} Qxf3 {[%emt 0:00:30]} 32. Rb3 {[%emt 0:00:30]} Qe2 {[%emt 0:00:00]} 33. c7 {[%emt 0:05:30]} h5 {[%emt 0:01:00]} (33... h6 {ist eine bessere Verteidigung.} 34. Be3 Rfc8) 34. Bg5 {[%emt 0:03:03]} Rfc8 {[%emt 0:01:30]} 35. Bd8 $2 {[%emt 0:01:21]} (35. Qd6 $18 {bietet bessere Gewinnchancen.}) 35... Qxe5 {[%emt 0:01:30]} (35... Qxa2 $142 36. Qb5 a5) 36. Qc6 {[%emt 0:00:42]} g6 $2 {[%emt 0:04:30]} (36... Qf5 37. Qd7 Kh7) 37. Qe8+ {[%emt 0:02:04]} Kg7 {[%emt 0:00:00]} 38. Rf3 {[%emt 0:00:12]} f5 {[%emt 0:03:00]} 39. Qd7+ {[%emt 0:00:49]} Kh6 {[%emt 0:02:30]} 40. h4 {[%emt 0:03:28]} Nf6 {[%emt 0:00:30]} (40... Qg7 $142 41. Qd6 Qg8) 41. Qe7 {[%emt 0:00:50]} Nd5 {[%emt 0:00:30]} 42. Qf7 {[%emt 0:04:05]} Rxd8 {[%emt 0:00:30]} 43. cxd8=Q {[%emt 0:00:07]} Rxd8 {[%emt 0:00:30]} 44. Qxa7 {[%emt 0:00:22]} Qe4 {[%emt 0:02:30]} 45. Qa5 {[%emt 0:02:23]} Rb8 {[%emt 0:00:30]} 46. Qd2+ {[%emt 0:00:07]} f4 {[%emt 0:01:30]} 47. Qd3 {[%emt 0:00:51]} Qe5 {[%emt 0:04:30]} 48. gxf4 {[%emt 0:01:02]} Nxf4 $2 {[%emt 0:00:00]} (48... Qf6 {ist eine bessere Verteidigung.} 49. Qe4 Rb4) 49. Qe3 {[%emt 0:00:57]} Qxe3 {[%emt 0:00:00]} 50. Rxe3 {[%emt 0:00:04]} Rb2 {[%emt 0:00:30]} 51. Ra1 {[%emt 0:00:11]} g5 {[%emt 0:05:30]} 52. hxg5+ {[%emt 0:02:21]} Kxg5 {[%emt 0:00:30]} 53. a4 {[%emt 0:00:32]} Kg4 {[%emt 0:00:30]} 54. Raa3 {[%emt 0:00:30]} h4 {[%emt 0:00:30]} 55. a5 {[%emt 0:00:30]} Rb1+ {[%emt 0:00:30]} 56. Kh2 {[%emt 0:00:30]} Rb2 {[%emt 0:00:30]} 57. a6 {[%emt 0:00:30]} Nd5 {[%emt 0:00:30]} 58. Re4+ {[%emt 0:01:10]} Kf5 {[%emt 0:00:30]} 59. a7 {[%emt 0:00:29]} Kxe4 {[%emt 0:01:30]} 60. a8=Q {[%emt 0:00:10]} Rxf2+ {[%emt 0:00:00]} 61. Kg1 {[%emt 0:00:09]} Rf4 {[%emt 0:01:00]} 62. Qc6 {[%emt 0:00:58]} Ke5 {[%emt 0:00:30]} 63. Ra2 {[%emt 0:00:36]} Rg4+ {[%emt 0:00:00]} 64. Kh1 {[%emt 0:00:09]} Re4 {[%emt 0:01:00]} 65. Ra6 {[%emt 0:00:28]} Kf5 {[%emt 0:01:30]} 66. Qe8 {[%emt 0:00:22]} Nf4 {[%emt 0:01:30]} 67. Ra1 {[%emt 0:00:29]} h3 {[%emt 0:00:30]} 68. Rg1 {[%emt 0:00:20]} Re3 {[%emt 0:01:30]} 69. Rf1 {[%emt 0:00:51]} e5 {[%emt 0:00:30]} 70. Qd7+ {[%emt 0:00:08]} Ke4 {[%emt 0:00:30]} 71. Qd2 {[%emt 0:00:41]} Rd3 {[%emt 0:00:34]} 72. Re1+ {[%emt 0:00:14]} Kf3 {[%emt 0:02:42]} 73. Qh2 {[%emt 0:00:06]} Kg4 {[%emt 0:00:24]} 74. Qc2 {[%emt 0:01:13]} h2 {[%emt 0:03:47]} 75. Rxe5 {[%emt 0:01:04]} Rg3 {[%emt 0:00:20]} 76. Qd1+ {[%emt 0:00:59]} Kh4 {[%emt 0:00:27]} 77. Kxh2 {[%emt 0:00:53]} Rh3+ {[%emt 0:01:06]} 78. Kg1 {[%emt 0:00:04]} Rg3+ {[%emt 0:01:18]} 79. Kf1 {[%emt 0:00:07]} Rh3 {[%emt 0:00:41]} 80. Qd8+ {[%emt 0:00:17]} Kg4 {[%emt 0:00:12]} 81. Rg5+ {[%emt 0:00:18]} Kf3 {[%emt 0:00:41]} 82. Qa8+ {[%emt 0:00:04]} Ke3 {[%emt 0:00:10]} 83. Re5+ {[%emt 0:00:05]} Kd2 {[%emt 0:00:48]} 84. Qd8+ {[%emt 0:00:11]} Rd3 {[%emt 0:00:58]} 85. Qa5+ {[%emt 0:00:05]} Kc1 {[%emt 0:00:49]} 86. Re1+ {[%emt 0:00:42]} Kc2 {[%emt 0:00:26]} 87. Qa4+ {[%emt 0:00:06]} 1-0

[Event "Istanbul Open 2018"]
[Site "Istanbul"]
[Date "2018.09.02"]
[Round "1"]
[White "Turan, Asim"]
[Black "Acarbay, Aydin"]
[Result "0-1"]
[WhiteElo "2108"]
[BlackElo "1894"]
[Annotator "NA"]
[PlyCount "82"]
[EventDate "2018.09.02"]
[EventType "swiss"]
[EventCountry "TUR"]
[SourceTitle "playchess.com"]
[Source "ChessBase"]
[SourceQuality "1"]
[TimeControl "5400+30"]

1. d4 {[%emt 0:00:30]} d5 {[%emt 0:00:30]} 2. c4 {[%emt 0:00:00]} c6 {[%emt 0:00:00]} 3. Nf3 {[%emt 0:00:00]} Nf6 {[%emt 0:00:00]} 4. g3 {[%emt 0:00:00]} g6 {[%emt 0:03:30]} 5. Bg2 {[%emt 0:04:00]} Bg7 {[%emt 0:01:30]} 6. Qb3 {[%emt 0:01:30]} O-O {[%emt 0:01:30]} 7. O-O {[%emt 0:00:30]} dxc4 {[%emt 0:13:30]} 8. Qxc4 {[%emt 0:00:30]} Qb6 {[%emt 0:02:30]} 9. Nc3 {[%emt 0:00:30]} Be6 {[%emt 0:02:30]} 10. Qa4 {[%emt 0:01:30]} Qa6 {[%emt 0:02:30] D78: Grünfeldindisch (Fianchetto 6.0-0 c6)} (10... Na6 11. Rd1 Rfd8 12. h3 c5 13. dxc5 Nxc5 14. Rxd8+ Rxd8 15. Qa3 Nfe4 16. Be3 Nxc3 17. bxc3 Rc8 18. Ng5 Qc7 19. Qxa7 {1-0 (27) Wojtaszek,R (2705)-Melkumyan,H (2615) Warsaw 2011}) 11. Qc2 {[%emt 0:03:30]} c5 $146 {[%emt 0:22:30]} ({Vorgänger:} 11... Nd5 12. Bg5 h6 13. Bd2 Nd7 14. a3 N7f6 15. e4 Nxc3 16. Bxc3 Bc4 17. Rfd1 Qb5 18. b4 {½-½ (55) Grigorov,G (2510)-Erturan,Y (2374) Albena 2013}) 12. dxc5 {[%emt 0:01:30]} Nc6 {[%emt 0:00:30]} 13. a3 {[%emt 0:05:30]} Rfd8 {[%emt 0:05:30]} 14. Bf4 {[%emt 0:13:30]} Qc4 {[%emt 0:10:30]} 15. Rac1 {[%emt 0:01:30]} Qxc5 {[%emt 0:07:30]} 16. b4 {[%emt 0:05:30]} Qh5 $1 {[%emt 0:01:30]} 17. b5 {[%emt 0:02:30]} Nd4 $1 {[%emt 0:02:59]} 18. Nxd4 {[%emt 0:06:30]} Rxd4 {[%emt 0:00:23]} 19. e3 {[%emt 0:01:30]} Rc4 {[%emt 0:00:34]} 20. Qd1 {[%emt 0:06:30]} g5 {[%emt 0:05:33]} 21. Be5 {[%emt 0:06:30]} Ng4 {[%emt 0:00:43]} 22. h3 {[%emt 0:01:30]} Bxe5 {[%emt 0:00:27]} 23. hxg4 {[%emt 0:00:00]} Qxg4 {[%emt 0:03:27]} 24. Qxg4 {[%emt 0:01:00]} Bxg4 {[%emt 0:00:12]} 25. Nd5 {[%emt 0:04:30]} Rxc1 {[%emt 0:01:40]} 26. Rxc1 {[%emt 0:00:30]} Bd6 {[%emt 0:00:41]} 27. a4 {[%emt 0:09:30]} Rc8 {[%emt 0:00:20]} 28. Ra1 {[%emt 0:04:45]} Kg7 {[%emt 0:00:52]} 29. e4 {[%emt 0:01:53]} Bc5 {[%emt 0:02:13]} 30. e5 {[%emt 0:05:02]} b6 {[%emt 0:01:37]} 31. a5 {[%emt 0:01:59]} bxa5 {[%emt 0:00:51]} 32. Rxa5 {[%emt 0:01:05]} Be2 {[%emt 0:02:00]} 33. Be4 $19 {[%emt 0:03:32]} Rb8 {[%emt 0:01:05]} 34. Ne3 {[%emt 0:01:53]} Bxe3 {[%emt 0:01:00]} 35. fxe3 {[%emt 0:00:03]} Rxb5 {[%emt 0:00:03]} 36. Rxa7 {[%emt 0:00:27]} Rxe5 {[%emt 0:00:06]} 37. Ra4 {[%emt 0:00:08]} f5 {[%emt 0:00:22]} 38. Bc2 {[%emt 0:00:46]} Rxe3 {[%emt 0:00:50]} 39. Ra5 {[%emt 0:00:12]} Bd3 {[%emt 0:01:14]} 40. Bxd3 {[%emt 0:00:33]} Rxg3+ {[%emt 0:00:15]} 41. Kf2 {[%emt 0:00:08]} Rxd3 {[%emt 0:00:00]} 0-1

[Event "Istanbul Open 2018"]
[Site "Istanbul"]
[Date "2018.09.02"]
[Round "1"]
[White "Abishli, Oghuz"]
[Black "Asgarov, Nihad"]
[Result "1/2-1/2"]
[WhiteElo "2099"]
[BlackElo "1937"]
[Annotator "NA"]
[PlyCount "87"]
[EventDate "2018.09.02"]
[EventType "swiss"]
[EventCountry "TUR"]
[SourceTitle "playchess.com"]
[Source "ChessBase"]
[SourceQuality "1"]
[TimeControl "5400+30"]

1. d4 {[%emt 0:00:30]} d5 {[%emt 0:04:30]} 2. c4 {[%emt 0:00:00]} e6 {[%emt 0:00:00]} 3. Nc3 {[%emt 0:00:00]} Be7 {[%emt 0:00:00]} 4. Nf3 {[%emt 0:01:30]} Nf6 {[%emt 0:00:30]} 5. Bf4 {[%emt 0:01:30]} O-O {[%emt 0:01:30]} 6. e3 {[%emt 0:00:00]} c5 {[%emt 0:02:30]} 7. dxc5 {[%emt 0:01:00]} Bxc5 {[%emt 0:00:30]} 8. Qc2 {[%emt 0:02:30]} Qa5 {[%emt 0:03:30]} 9. Nd2 {[%emt 0:18:30] D37: Queen's Gambit Declined: 5 Bf4} (9. Be2 Bb4 10. O-O Bxc3 11. bxc3 Bd7 12. Qb2 Bc6 13. Qb4 Qxb4 14. cxb4 dxc4 15. Bxc4 Rc8 16. Rfc1 Nbd7 {½-½ (34) Bok,B (2608)-L'Ami,E (2605) Wijk aan Zee 2017}) 9... Bb4 {[%emt 0:04:30] LiveBook: 8 Games} 10. Bd3 {[%emt 0:11:30]} Nc6 {[%emt 0:03:30]} 11. O-O {[%emt 0:03:30]} Bxc3 {[%emt 0:05:30]} 12. bxc3 {[%emt 0:01:30]} h6 {[%emt 0:00:30]} 13. Bd6 {[%emt 0:07:30]} Rd8 {[%emt 0:08:30]} 14. c5 {[%emt 0:02:30]} Ne8 {[%emt 0:02:30]} 15. Nb3 {[%emt 0:08:30]} Qa3 $146 {[%emt 0:00:30]} ({Predecessor:} 15... Qa4 16. Bg3 Bd7 {1-0 (42) Arakhamia Grant,K-Gaprindashvili,N (2475) Moscow 1987}) 16. Bg3 {[%emt 0:00:30]} a5 {[%emt 0:00:30]} 17. Qc1 {[%emt 0:12:30]} Qxc1 {[%emt 0:01:30]} 18. Rfxc1 {[%emt 0:00:00]} a4 {[%emt 0:00:30]} 19. Nd4 {[%emt 0:00:00]} Ra5 {[%emt 0:02:30]} 20. Bc2 {[%emt 0:13:34]} Bd7 {[%emt 0:05:30]} 21. Rab1 {[%emt 0:00:35]} Rxc5 {[%emt 0:03:30]} 22. Rxb7 {[%emt 0:05:51]} Nxd4 {[%emt 0:05:30]} 23. exd4 {[%emt 0:00:05]} Rcc8 {[%emt 0:07:30]} 24. a3 {[%emt 0:03:40]} Kf8 {[%emt 0:07:30]} 25. Bd1 {[%emt 0:04:07]} Nf6 {[%emt 0:04:30]} 26. f3 {[%emt 0:00:32]} Be8 {[%emt 0:04:30]} 27. Rb4 {[%emt 0:00:57]} Ra8 {[%emt 0:02:09]} 28. Be5 {[%emt 0:00:06]} Rdc8 {[%emt 0:03:42]} 29. Be2 {[%emt 0:00:10]} Kg8 {[%emt 0:02:26]} 30. Kf2 {[%emt 0:00:53]} Nd7 {[%emt 0:01:07]} 31. Bd6 {[%emt 0:00:19]} Rc6 {[%emt 0:00:31]} 32. Bf4 {[%emt 0:00:50]} g5 {[%emt 0:01:44]} 33. Bb5 $14 {[%emt 0:00:34]} Rb6 {[%emt 0:02:57]} 34. Bc7 {[%emt 0:00:39]} Rxb5 {[%emt 0:01:21]} 35. Rxb5 {[%emt 0:00:07]} Ne5 {[%emt 0:00:03]} 36. Bxe5 {[%emt 0:00:52]} Bxb5 {[%emt 0:00:05]} 37. Rb1 {[%emt 0:00:08]} Bc6 {[%emt 0:02:11]} 38. Rb4 {[%emt 0:00:52]} Kh7 {[%emt 0:00:25]} 39. Rb6 {[%emt 0:00:36]} Rc8 {[%emt 0:00:13]} 40. Rb8 {[%emt 0:00:16]} Rxb8 {[%emt 0:00:20]} 41. Bxb8 {[%emt 0:00:06]} Kg6 {[%emt 0:00:22]} 42. Ke3 {[%emt 0:00:27]} Bb5 {[%emt 0:00:09]} 43. g3 {[%emt 0:00:31]} Bc4 {[%emt 0:02:08]} 44. Bc7 {[%emt 0:00:38]} 1/2-1/2

[Event "Istanbul Open 2018"]
[Site "Istanbul"]
[Date "2018.09.02"]
[Round "1"]
[White "Guven, Oguz Kagan"]
[Black "Ozkan, Taha"]
[Result "1-0"]
[WhiteElo "2022"]
[BlackElo "1997"]
[Annotator "NA RC"]
[PlyCount "67"]
[EventDate "2018.09.02"]
[EventType "swiss"]
[EventCountry "TUR"]
[SourceTitle "playchess.com"]
[Source "ChessBase"]
[SourceQuality "1"]
[TimeControl "5400+30"]

1. e4 {[%emt 0:00:30]} e6 {[%emt 0:00:30]} 2. d4 {[%emt 0:00:00]} d5 {[%emt 0:00:00]} 3. Nc3 {[%emt 0:00:00]} Bb4 {[%emt 0:00:00]} 4. Qd3 {[%emt 0:00:30]} dxe4 {[%emt 0:01:30]} 5. Qxe4 {[%emt 0:00:00]} Nf6 {[%emt 0:00:00]} 6. Qh4 {[%emt 0:00:00]} O-O {[%emt 0:02:00] LiveBook: 4 Games} 7. Nf3 {[%emt 0:04:30] C15: French: 3 Nc3 Bb4: Unusual White 4th moves} (7. Bd3 Nc6 8. Nf3 Ne7 9. Bg5 Ng6 10. Bxg6 hxg6 11. O-O Be7 12. Rfe1 Re8 13. Ne5 Nh7 14. Bxe7 Qxe7 {0-1 (37) Smirin,I (2658)-Stupak,K (2542) Minsk 2015}) 7... Be7 {[%emt 0:05:30]} 8. Bd3 {[%emt 0:00:30]} b6 $146 {[%emt 0:01:30]} ({Predecessor:} 8... g6 9. Bg5 Nc6 10. O-O-O Nh5 11. g4 Nf4 12. Bxe7 Nxd3+ 13. Rxd3 Qxe7 14. Qg3 Qd6 {1-0 (25) San Marco,J (2125)-Barbat,V (1940) Paris 2002}) 9. Bg5 {[%emt 0:00:30]} h6 {[%emt 0:02:30]} 10. Bxf6 {[%emt 0:00:00]} Bxf6 {[%emt 0:03:30]} 11. Qe4 {[%emt 0:00:00]} g6 {[%emt 0:00:30]} 12. Qxa8 {[%emt 0:00:00]} Bd7 {[%emt 0:00:30]} 13. Qe4 {[%emt 0:01:00]} Bc6 {[%emt 0:00:30]} 14. Qe2 {[%emt 0:01:30]} Bxd4 {[%emt 0:02:30]} 15. Nxd4 {[%emt 0:00:30]} Qxd4 {[%emt 0:00:30]} 16. Be4 {[%emt 0:02:30]} e5 {[%emt 0:03:30]} 17. O-O {[%emt 0:00:30]} Qd6 {[%emt 0:00:30]} 18. Rad1 {[%emt 0:00:30]} Qf6 {[%emt 0:00:30]} 19. Rfe1 {[%emt 0:00:30]} Rd8 {[%emt 0:00:30]} 20. Rxd8+ {[%emt 0:00:30]} Qxd8 {[%emt 0:00:00]} 21. Rd1 {[%emt 0:01:30]} Qf6 {[%emt 0:01:00]} 22. Qf3 {[%emt 0:00:30]} Qxf3 {[%emt 0:06:30]} 23. Rd8+ {[%emt 0:00:00]} Kg7 {[%emt 0:00:00]} 24. Bxf3 {[%emt 0:00:00]} Bxf3 {[%emt 0:00:00]} 25. Rxb8 {[%emt 0:00:30]} Bg4 {[%emt 0:00:30]} 26. Rb7 {[%emt 0:00:00]} Bf5 {[%emt 0:01:30]} 27. Rxc7 {[%emt 0:00:00]} Bxc2 {[%emt 0:00:30]} 28. Rxa7 {[%emt 0:00:00]} Bd3 {[%emt 0:00:30]} 29. Rb7 {[%emt 0:00:00]} e4 {[%emt 0:00:30]} 30. Rxb6 {[%emt 0:00:00]} f5 $18 {[%emt 0:01:30]} 31. a4 {[%emt 0:00:00]} g5 {[%emt 0:04:30]} 32. a5 {[%emt 0:00:00]} f4 {[%emt 0:00:30]} 33. a6 {[%emt 0:00:00]} Bxa6 {[%emt 0:00:30]} 34. Rxa6 {[%emt 0:00:00]} 1-0